Loading...
| Current Events | 1 | 20.00 | 100% | 100% | 0% |
| Fine Arts - Auditory Fine Arts | 6 | 15.00 | 100% | 50% | 0% |
| Fine Arts - Other Fine Arts | 6 | 18.33 | 100% | 67% | 17% |
| Fine Arts - Visual Fine Arts | 6 | 13.33 | 83% | 50% | 0% |
| Geography | 1 | 20.00 | 100% | 100% | 0% |
| History - American History | 6 | 16.67 | 100% | 67% | 0% |
| History - European History | 3 | 16.67 | 100% | 67% | 0% |
| History - Other History | 3 | 10.00 | 100% | 0% | 0% |
| History - World History | 3 | 23.33 | 100% | 67% | 67% |
| Literature - American Literature | 5 | 18.00 | 100% | 80% | 0% |
| Literature - British Literature | 5 | 20.00 | 100% | 60% | 40% |
| Literature - European Literature | 6 | 15.00 | 100% | 50% | 0% |
| Literature - World Literature | 9 | 21.11 | 100% | 89% | 22% |
| Mythology | 3 | 20.00 | 100% | 100% | 0% |
| Philosophy | 5 | 16.00 | 100% | 40% | 20% |
| Pop Culture | 3 | 23.33 | 100% | 100% | 33% |
| Popular Culture | 1 | 20.00 | 100% | 0% | 100% |
| Religion | 7 | 17.14 | 100% | 43% | 29% |
| Science - Biology | 7 | 14.29 | 71% | 43% | 29% |
| Science - Chemistry | 6 | 15.00 | 100% | 33% | 17% |
| Science - Other Science | 5 | 14.00 | 100% | 40% | 0% |
| Science - Physics | 6 | 16.67 | 83% | 67% | 17% |
| Social Science | 8 | 13.75 | 100% | 38% | 0% |